[Event "GER-ch Net qual2 U18"]
[Site "Playchess.com INT"]
[Date "2011.05.04"]
[Round "3"]
[White "Winn, Matthias"]
[Black "Bechler, Lukas"]
[Result "1-0"]
[WhiteElo "1415"]
[BlackElo "1491"]
[PlyCount "69"]
[EventDate "2011.05.04"]
[EventType "swiss (blitz)"]
[EventRounds "7"]
[EventCountry "GER"]
[SourceTitle "CBM 142 Extra"]
[Source "ChessBase"]
[SourceDate "2011.06.27"]
[SourceVersion "1"]
[SourceVersionDate "2011.06.27"]
[SourceQuality "1"]

1. Nf3 Nf6 2. c4 g6 3. b3 Bg7 4. Bb2 d6 5. Nc3 Nbd7 6. e3 0-0 7. Qc2 e5 8. Bd3 Nc5 9. Be2 Bg4 10. 0-0 Bf5 11. d3 e4 12. dxe4 Nfxe4 13. Nxe4 Bxe4 14. Qd2 Bxb2 15. Qxb2 Nd3 16. Qd4 Nc5 17. b4 Bxf3 18. Bxf3 Ne6 19. Qc3 Rb8 20. Rfd1 Qe7 21. Rd3 Rfd8 22. Rad1 Ng5 23. Bg4 Ne4 24. Qd4 f5 25. Bf3 Qh4 26. Qd5+ Kf8 27. Rd4 Qxf2+ 28. Kh1 Qxe3 29. Bxe4 fxe4 30. Rxe4 Qf2 31. Ree1 Kg7 32. Rf1 Qxa2 33. Rf7+ Kh6 34. h4 Qa5 35. Qxa5 1-0